ASEAN Australia the growing partnership.
| Format: | Book |
|---|---|
| Published: |
canberra:
Australian Goverment Publishing Service,
1980.
|
| Subjects: |
| LEADER | 00414cam a2200145 7i4500 | ||
|---|---|---|---|
| 001 | 0000002439 | ||
| 005 | 19991025090000.0 | ||
| 002 | ##000003591 | ||
| 020 | 0 | 0 | |a T000003599 |
| 090 | 0 | 0 | |a 70 036 |b AUS |
| 245 | 0 | 0 | |a ASEAN Australia the growing partnership. |
| 260 | 0 | 0 | |a canberra: |b Australian Goverment Publishing Service, |c 1980. |
| 300 | 0 | 0 | |a 40p. |
| 651 | 0 | 0 | |a Australia |
| 999 | |a 0000004112 |b Book |c Countries |e Business Information Centre | ||